[Event "Groningen Festival 2019-A"]
[Site "Groningen"]
[Date "2019.12.24"]
[Round "4.11"]
[White "Maris, Ivo"]
[Black "Hilwerda, Jonas"]
[Result "1/2-1/2"]
[WhiteElo "2413"]
[BlackElo "2228"]
[Annotator "TA"]
[PlyCount "160"]
[EventDate "2019.12.15"]
[EventType "swiss"]
[EventCountry "NED"]
[SourceTitle "playchess.com"]
[Source "ChessBase"]
[SourceQuality "1"]

{[%evp 13,160,8,23,31,27,10,26,6,10,-6,-16,-15,44,34,36,20,32,35,54,52,48,49,63,63,52,46,56,49,50,20,20,11,8,15,15,0,4,0,0,0,0,0,0,0,0,0,0,0,0,0,0,0,0,0,0,0,48,0,0,0,0,0,0,0,395,243,359,93,412,394,468,154,441,459,472,458,459,458,457,454,441,399,403,421,409,403,382,390,376,367,247,234,247,227,174,0,145,88,131,127,127,8,110,0,112,54,54,8,8,8,8,8,8,8,8,8,8,8,54,54,54,54,54,54,54,54,54,54,54,54,54,54,54,54,54,54,65,81,81,81,81,54,54,54,54,54,54,54,54]} 1. c4 Nf6 2. b3 g6 3. Bb2 Bg7 4. g3 O-O 5. Bg2 d6 6. d4 c6 7. Nf3 Qa5+ 8. Qd2 {E60: King's Indian: Unusual lines and Fianchetto Variation without Nc3} Qxd2+ 9. Nfxd2 d5 10. Nc3 {[%cal Rc4d5] White has an edge.} Rd8 11. O-O $146 ({Predecessor:} 11. e3 Na6 12. O-O Be6 13. Rfd1 Rac8 14. a3 b6 15. Rac1 Nb8 {1-0 (34) Giri,A (2776)-Nataf,I (2534) Montpellier 2015}) 11... dxc4 12. Nxc4 Nd5 (12... Rxd4 $11 13. Rfd1 Rd7) 13. Ne4 Bf5 14. Rac1 $36 {[%mdl 2048] White has good play.} Bxe4 15. Bxe4 Na6 16. Rfd1 Rd7 17. Bf3 Rad8 18. e3 e6 19. Be2 Nac7 20. Na5 Ne8 21. a3 c5 22. Bb5 Rc7 23. e4 Ne7 24. e5 (24. a4 {keeps more tension.} a6 25. Bxe8 Rxe8 26. e5 b6 27. Nc4) 24... cxd4 25. Bxe8 Rxc1 26. Rxc1 {Threatens to win with Bb5.} Rxe8 27. Bxd4 b6 28. Nb7 Rc8 29. Rxc8+ Nxc8 $11 {[%mdl 4096] Endgame KBN-KBN} 30. a4 {[%cal Ba3a4,Ba4a5][%mdl 32]} Kf8 31. b4 Ke8 32. a5 Kd7 33. b5 Bf8 34. a6 Bb4 35. Kg2 Kc7 $1 36. Kf3 Ne7 37. Nd6 Nf5 $1 {[%cal Rf5d4]} ({Much weaker is} 37... Bxd6 $6 38. exd6+ Kxd6 39. Bxb6 $1 $16 {[%mdl 512]}) 38. Nxf5 gxf5 $2 {[%mdl 8192] KB-KB} (38... exf5 $11 39. h3 Bc5) 39. Be3 Bc3 (39... h5 $142 40. Kf4 Be7) 40. Bf4 $2 (40. Kf4 $1 $18 {[%cal Rf4g5] is the precise move to win.} f6 41. exf6 Bxf6 42. h3) 40... Bd4 $2 {[%mdl 8192]} (40... h5 $16 {is more resistant.}) 41. g4 $1 $18 {[%cal Rg4f5]} Kd7 (41... fxg4+ $2 42. Kxg4 Kd7 43. Be3 $18) 42. Bg3 $2 (42. gxf5 $18 exf5 43. Be3 Bxe3 44. Kxe3) 42... Ke7 $2 (42... f6 $16) 43. Kf4 fxg4 44. Kxg4 Kf8 45. Kf4 Bc3 46. Bh4 Ke8 47. Ke4 Bb4 48. Bg5 Be7 49. Kf4 Bc5 50. Bh4 Bd4 51. Bg3 Kf8 52. Ke4 Bc5 53. Bh4 $1 Be7 54. Bg3 $2 (54. Bf6 $1 $18) 54... Kg7 (54... Bc5 $1 $11 {remains equal.}) 55. Bf4 (55. f3 $142 $1) 55... Kg6 $16 56. Be3 Bd8 {[#]} 57. Bd2 ({White should play} 57. f3 $1 $16) 57... Be7 (57... Kh5 $1 $11 {keeps the balance.}) 58. Be3 {And now Bxb6! would win.} Bd8 $1 {[#]} 59. f4 (59. f3 $1 $16) 59... Kh5 $14 60. f5 Kg4 61. f6 Bc7 62. Bh6 Bd8 63. Bf8 Bc7 64. Bd6 Bd8 65. Bb8 Kh5 66. Kf4 Kg6 67. Kg4 h5+ 68. Kh4 $1 Kh6 $1 69. Bd6 $1 {Strongly threatening Kg3.} ({Avoid the trap} 69. Bxa7 $2 Bc7 $19) 69... Kg6 70. Kg3 {h4 is the strong threat.} Kh6 71. Kf4 {aiming for Bb8.} ({Don't take} 71. Bb8 $6 Kg6 $18) 71... Kg6 72. Bf8 {Hoping for Bb4.} Bc7 73. Be7 Kh6 $1 74. Bb4 (74. h3 {with more complications.} Kg6 75. Bd6 Bd8 76. Bb8 Kh6 77. h4) 74... Kg6 75. Bd2 Bd8 76. Ke4 Bc7 77. h4 Bd8 {White is slightly better.} 78. Bb4 {Black must now prevent Bd6.} Bc7 79. Bd6 Bd8 $1 80. Bb8 Kh6 {Accuracy: White = 63%, Black = 66%.} 1/2-1/2

[Event "Groningen Festival 2019-A"]
[Site "Groningen"]
[Date "2019.12.24"]
[Round "4.12"]
[White "Gomes, Mary Ann"]
[Black "Varshini, V."]
[Result "0-1"]
[WhiteElo "2324"]
[BlackElo "2227"]
[Annotator "TA"]
[PlyCount "78"]
[EventDate "2019.12.15"]
[EventType "swiss"]
[EventCountry "NED"]
[SourceTitle "playchess.com"]
[Source "ChessBase"]
[SourceQuality "1"]

{[%evp 19,116,2,3,0,19,7,7,0,8,0,45,-41,-51,-45,-45,-54,-17,-28,-22,-28,-24,-25,-12,-18,0,0,-6,-29,25,20,35,23,47,7,33,0,0,0,0,-8,-14,-52,-42,-81,-31,-32,-26,-26,-17,-26,-22,-17,-27,-40,-31,-94,-43,-102,-101,-101,-101,-103,-95,-91,-99,-101,-100,-123,-124,-191,-197,-187,-66,-592,-545,-782,-670,-1117,-1117,-1117,-1117,-1125,-1021,-596,-592,-29973,-29975,-29975,-29976,-29976,-29977,-29977,-29978,-29983,-29984,-29984,-29985,-29985,-29982]} 1. Nf3 d5 2. c4 e6 3. g3 Nf6 4. Bg2 Be7 5. O-O O-O 6. b3 c5 7. e3 Nc6 8. Bb2 b6 9. Nc3 Ba6 10. d3 Rc8 11. Qe2 {A14: English Opening: 1...e6 with b3 by White} Qc7 (11... Qd7 12. Rfd1 Rfd8 13. a3 h6 14. Rab1 Bb7 15. cxd5 Nxd5 16. Nxd5 Qxd5 17. Bc3 a5 18. Qb2 Bf8 19. d4 {½-½ (19) Fier,A (2551)-Kryvoruchko,Y (2680) Sharjah 2019}) 12. Rac1 Rfd8 13. Rfd1 $1 {The position is equal.} Qb8 14. h4 Bb7 15. Qf1 $146 (15. cxd5 $14 Nxd5 16. Nxd5 exd5 17. Bh3) ({Predecessor:} 15. cxd5 Nxd5 16. Nxd5 exd5 {1-0 (57) Pribyl,J (2420)-Proehl,H (2285) Germany 1995}) 15... d4 $15 16. exd4 $1 Nxd4 17. Nxd4 Bxg2 18. Qxg2 {aiming for Nc6.} cxd4 19. Ne4 Ng4 20. Rc2 h6 21. Re2 f5 22. Nd2 e5 23. Qf3 g6 ({Better is} 23... Rf8 $1) 24. h5 $11 Kg7 25. hxg6 Kxg6 26. Qg2 Qa8 $1 27. Qxa8 Rxa8 28. Nf1 Bd6 29. Rde1 h5 30. f3 Nf6 31. Nd2 Kf7 32. c5 bxc5 33. Nc4 {[#]} e4 $1 {[%mdl 512]} 34. Nxd6+ (34. dxe4 Bxg3) 34... Rxd6 35. fxe4 fxe4 36. dxe4 {Strongly threatening e5.} Ng4 37. e5 (37. Bc1 $15) 37... Re6 (37... Rd5 $17 38. Bc1 d3 39. e6+ Ke7) 38. b4 (38. Ba3 $15) 38... d3 $36 {[%mdl 2048] Black is on the roll.} 39. Re4 Rc8 {Played: Ra8-b8} 0-1

[Event "Groningen Festival 2019-A"]
[Site "Groningen"]
[Date "2019.12.26"]
[Round "5.1"]
[White "Lubbe, Nikolas"]
[Black "Ernst, Sipke"]
[Result "1/2-1/2"]
[WhiteElo "2451"]
[BlackElo "2541"]
[Annotator "ChessBase"]
[PlyCount "97"]
[EventDate "2019.12.15"]
[EventType "swiss"]
[EventCountry "NED"]
[SourceTitle "playchess.com"]
[Source "ChessBase"]
[SourceQuality "1"]
[TimeControl "40/5400+30:1800+30"]

1. Nf3 {[%emt 0:00:00]} d5 {[%emt 0:00:00]} 2. d4 {[%emt 0:00:00]} Nf6 {[%emt 0:00:00]} 3. c4 {[%emt 0:00:00]} c6 {[%emt 0:00:25]} 4. Nc3 {[%emt 0:00:10]} e6 {[%emt 0:00:07]} 5. e3 {[%emt 0:00:24]} Nbd7 {[%emt 0:00:04]} 6. Qc2 {[%emt 0:00:16]} Bd6 {[%emt 0:00:05]} 7. Bd3 {[%emt 0:00:22]} O-O {[%emt 0:00:06]} 8. O-O {[%emt 0:00:23]} dxc4 {[%emt 0:00:03]} 9. Bxc4 {[%emt 0:00:08]} b5 {[%emt 0:00:02]} 10. Bd3 {[%emt 0:00:36]} Bb7 {[%emt 0:00:10]} 11. a3 {[%emt 0:02:14]} h6 {[%emt 0:00:38]} 12. e4 {[%emt 0:12:05]} e5 {[%emt 0:00:17]} 13. dxe5 {[%emt 0:04:30]} Nxe5 {[%emt 0:00:11]} 14. Nxe5 {[%emt 0:00:07]} Bxe5 {[%emt 0:00:07]} 15. h3 {[%emt 0:00:18]} Qe7 {[%emt 0:01:03]} 16. Be3 {[%emt 0:06:40]} c5 {[%emt 0:00:10]} 17. Bxb5 {[%emt 0:10:03]} Nxe4 {[%emt 0:07:53]} 18. Nxe4 {[%emt 0:14:04]} Bxe4 {[%emt 0:01:39]} 19. Qe2 {[%emt 0:01:44]} Rab8 {[%emt 0:06:36]} 20. Rac1 {[%emt 0:05:00]} Rfc8 {[%emt 0:10:10]} 21. Rfd1 {[%emt 0:07:24]} Bd6 {[%emt 0:20:50]} 22. Rd2 {[%emt 0:10:59]} Qe5 {[%emt 0:07:50]} 23. f4 {[%emt 0:01:41]} Qe7 {[%emt 0:07:27]} 24. Rcd1 {[%emt 0:01:13]} Rd8 {[%emt 0:12:49]} 25. Bc4 {[%emt 0:00:09]} Ba8 {[%emt 0:02:51]} 26. Bf2 {[%emt 0:03:32]} Qxe2 {[%emt 0:07:20]} 27. Bxe2 {[%emt 0:00:08]} Re8 {[%emt 0:00:43]} 28. Rxd6 {[%emt 0:03:11]} Rxe2 {[%emt 0:00:04]} 29. Rd8+ {[%emt 0:00:03]} Re8 {[%emt 0:00:05]} 30. Rxb8 {[%emt 0:00:06]} Rxb8 {[%emt 0:00:04]} 31. Bxc5 {[%emt 0:00:04]} a5 {[%emt 0:00:52]} 32. b4 {[%emt 0:01:57]} axb4 {[%emt 0:00:04]} 33. axb4 {[%emt 0:00:06]} Bc6 {[%emt 0:01:52]} 34. Rd6 {[%emt 0:01:19]} Bb5 {[%emt 0:02:28]} 35. g4 {[%emt 0:01:00]} Ra8 {[%emt 0:01:22]} 36. Rd2 {[%emt 0:04:56]} Ra3 {[%emt 0:02:13]} 37. Kg2 {[%emt 0:00:24]} Rb3 {[%emt 0:01:16]} 38. f5 {[%emt 0:01:31]} Bd3 {[%emt 0:00:08]} 39. Rf2 {[%emt 0:01:14]} f6 {[%emt 0:06:19]} 40. Kh2 {[%emt 0:00:40]} Kh7 {[%emt 0:02:00]} 41. Rf3 {[%emt 0:32:22]} Rb2+ {[%emt 0:31:15]} 42. Kg3 {[%emt 0:02:34]} Bb5 {[%emt 0:00:00]} 43. Rc3 {[%emt 0:00:00]} Rd2 {[%emt 0:00:00]} 44. Kf4 {[%emt 0:00:00]} Rd3 {[%emt 0:00:00]} 45. Rxd3 {[%emt 0:00:00]} Bxd3 {[%emt 0:00:00]} 46. Ke3 {[%emt 0:00:00]} Bf1 {[%emt 0:00:00]} 47. h4 {[%emt 0:00:00]} Kg8 {[%emt 0:00:00]} 48. Ke4 {[%emt 0:00:00]} Be2 {[%emt 0:00:00]} 49. Kf4 {[%emt 0:00:00]} 1/2-1/2

[Event "Groningen Festival 2019-A"]
[Site "Groningen"]
[Date "2019.12.26"]
[Round "5.2"]
[White "Zwirs, Nico"]
[Black "Krasenkow, Michal"]
[Result "0-1"]
[WhiteElo "2422"]
[BlackElo "2611"]
[Annotator "ChessBase"]
[PlyCount "126"]
[EventDate "2019.12.15"]
[EventType "swiss"]
[EventCountry "NED"]
[SourceTitle "playchess.com"]
[Source "ChessBase"]
[SourceQuality "1"]
[TimeControl "40/5400+30:1800+30"]

1. e4 {[%emt 0:00:00]} g6 {[%emt 0:00:00]} 2. d4 {[%emt 0:00:00]} Bg7 {[%emt 0:00:00]} 3. Nc3 {[%emt 0:00:00]} d6 {[%emt 0:00:00]} 4. Be3 {[%emt 0:00:19]} a6 {[%emt 0:00:00]} 5. g4 {[%emt 0:00:22]} b5 {[%emt 0:00:00]} 6. Bg2 {[%emt 0:00:11]} Bb7 {[%emt 0:00:00]} 7. h4 {[%emt 0:00:29]} Nd7 {[%emt 0:08:37]} 8. g5 {[%emt 0:01:22]} c5 {[%emt 0:02:20]} 9. h5 {[%emt 0:02:41]} Qc7 {[%emt 0:07:53]} 10. Nge2 {[%emt 0:07:48]} cxd4 {[%emt 0:10:37]} 11. Nxd4 {[%emt 0:02:52]} Nb6 {[%emt 0:01:38]} 12. h6 {[%emt 0:16:20]} Be5 {[%emt 0:01:07]} 13. Qd3 {[%emt 0:13:58]} Nc4 {[%emt 0:06:56]} 14. O-O-O {[%emt 0:00:57]} Bxd4 {[%emt 0:11:14]} 15. Bxd4 {[%emt 0:11:05]} e5 {[%emt 0:00:09]} 16. Be3 {[%emt 0:08:37]} Ne7 {[%emt 0:02:24]} 17. b3 {[%emt 0:01:22]} Nxe3 {[%emt 0:01:42]} 18. fxe3 {[%emt 0:00:19]} Rc8 {[%emt 0:05:30]} 19. Kb2 {[%emt 0:01:10]} Qc5 {[%emt 0:17:35]} 20. Rhf1 {[%emt 0:03:58]} O-O {[%emt 0:04:32]} 21. Rf6 {[%emt 0:02:58]} Rfd8 {[%emt 0:02:09]} 22. Rdf1 {[%emt 0:01:39]} d5 {[%emt 0:05:10]} 23. Rxf7 {[%emt 0:18:20]} dxe4 {[%emt 0:00:12]} 24. Nxe4 {[%emt 0:00:14]} Bxe4 {[%emt 0:01:20]} 25. Qxe4 {[%emt 0:00:10]} Rd2 {[%emt 0:05:59]} 26. Rg7+ {[%emt 0:04:27]} Kh8 {[%emt 0:00:01]} 27. Rc1 {[%emt 0:00:15]} Nf5 {[%emt 0:00:43]} 28. Bh3 {[%emt 0:00:09]} Nd6 {[%emt 0:03:52]} 29. Qh1 {[%emt 0:01:53]} Rxc2+ {[%emt 0:00:02]} 30. Kb1 {[%emt 0:00:01]} Qc3 {[%emt 0:00:06]} 31. Rxc2 {[%emt 0:00:05]} Qxc2+ {[%emt 0:00:02]} 32. Ka1 {[%emt 0:00:02]} Rf8 {[%emt 0:00:22]} 33. Rd7 {[%emt 0:01:08]} Ne4 {[%emt 0:01:49]} 34. Qb1 {[%emt 0:00:46]} Qxb1+ {[%emt 0:01:05]} 35. Kxb1 {[%emt 0:00:00]} Nxg5 {[%emt 0:00:10]} 36. Bg2 {[%emt 0:00:23]} Nf7 {[%emt 0:00:34]} 37. Ra7 {[%emt 0:00:21]} Nxh6 {[%emt 0:00:15]} 38. Rxa6 {[%emt 0:00:05]} Ng4 {[%emt 0:00:57]} 39. Bc6 {[%emt 0:00:31]} b4 {[%emt 0:00:31]} 40. Rb6 {[%emt 0:00:41]} Rf1+ {[%emt 0:01:00]} 41. Kb2 {[%emt 0:31:46]} Rf2+ {[%emt 0:30:11]} 42. Kb1 {[%emt 0:00:04]} Rf6 {[%emt 0:00:00]} 43. Rb8+ {[%emt 0:00:00]} Kg7 {[%emt 0:00:00]} 44. Bd7 {[%emt 0:00:00]} Nxe3 {[%emt 0:00:00]} 45. Rxb4 {[%emt 0:00:00]} Rf1+ {[%emt 0:00:00]} 46. Kb2 {[%emt 0:00:00]} Rf2+ {[%emt 0:00:00]} 47. Kb1 {[%emt 0:00:00]} Nd5 {[%emt 0:00:00]} 48. Rb7 {[%emt 0:00:00]} Nc3+ {[%emt 0:00:00]} 49. Kc1 {[%emt 0:00:00]} Nxa2+ {[%emt 0:00:00]} 50. Kd1 {[%emt 0:00:00]} Rf7 {[%emt 0:02:08]} 51. Kc2 {[%emt 0:00:00]} Nb4+ {[%emt 0:01:07]} 52. Kc3 {[%emt 0:00:00]} Nd5+ {[%emt 0:00:05]} 53. Kc4 {[%emt 0:00:00]} Nb6+ {[%emt 0:01:11]} 54. Rxb6 {[%emt 0:00:00]} Rxd7 {[%emt 0:00:04]} 55. Re6 {[%emt 0:00:00]} g5 {[%emt 0:01:09]} 56. b4 {[%emt 0:00:00]} g4 {[%emt 0:00:36]} 57. b5 {[%emt 0:00:00]} g3 {[%emt 0:00:47]} 58. Rxe5 {[%emt 0:00:00]} Kf6 {[%emt 0:00:14]} 59. Re3 {[%emt 0:00:00]} Rg7 {[%emt 0:00:20]} 60. Re1 {[%emt 0:00:00]} h5 {[%emt 0:00:48]} 61. Kd3 {[%emt 0:00:00]} g2 {[%emt 0:01:37]} 62. Rg1 {[%emt 0:00:00]} h4 {[%emt 0:00:03]} 63. b6 {[%emt 0:00:00]} h3 {[%emt 0:00:04]} 0-1

[Event "Groningen Festival 2019-A"]
[Site "Groningen"]
[Date "2019.12.26"]
[Round "5.3"]
[White "Tiviakov, Sergei"]
[Black "Vrolijk, Liam"]
[Result "1/2-1/2"]
[WhiteElo "2615"]
[BlackElo "2467"]
[Annotator "ChessBase"]
[PlyCount "128"]
[EventDate "2019.12.15"]
[EventType "swiss"]
[EventCountry "NED"]
[SourceTitle "playchess.com"]
[Source "ChessBase"]
[SourceQuality "1"]
[TimeControl "40/5400+30:1800+30"]

1. e4 {[%emt 0:00:00]} c5 {[%emt 0:00:00]} 2. Nc3 {[%emt 0:00:56]} d6 {[%emt 0:00:00]} 3. Nge2 {[%emt 0:00:13]} Nf6 {[%emt 0:00:04]} 4. g3 {[%emt 0:00:49]} Nc6 {[%emt 0:01:09]} 5. Bg2 {[%emt 0:00:08]} g6 {[%emt 0:00:08]} 6. d4 {[%emt 0:00:26]} cxd4 {[%emt 0:00:09]} 7. Nxd4 {[%emt 0:00:05]} Nxd4 {[%emt 0:00:10]} 8. Qxd4 {[%emt 0:00:14]} Bg7 {[%emt 0:00:13]} 9. O-O {[%emt 0:01:38]} O-O {[%emt 0:00:10]} 10. Qc4 {[%emt 0:00:05]} Bd7 {[%emt 0:00:47]} 11. Qb3 {[%emt 0:07:28]} b5 {[%emt 0:08:28]} 12. Nd5 {[%emt 0:01:33]} a5 {[%emt 0:07:34]} 13. a3 {[%emt 0:02:51]} Rb8 {[%emt 0:02:43]} 14. c3 {[%emt 0:03:45]} Be6 {[%emt 0:09:22]} 15. Bg5 {[%emt 0:06:03]} Bxd5 {[%emt 0:02:37]} 16. exd5 {[%emt 0:00:08]} Nd7 {[%emt 0:02:36]} 17. Rfe1 {[%emt 0:04:01]} Bf6 {[%emt 0:02:39]} 18. Bd2 {[%emt 0:02:12]} Qc7 {[%emt 0:02:13]} 19. Re2 {[%emt 0:02:46]} Ne5 {[%emt 0:05:54]} 20. Re4 {[%emt 0:03:10]} Rfc8 {[%emt 0:10:23]} 21. Rd1 {[%emt 0:03:41]} Qb7 {[%emt 0:03:37]} 22. Be1 {[%emt 0:02:29]} Rc4 {[%emt 0:01:42]} 23. Re3 {[%emt 0:06:41]} Qb6 {[%emt 0:01:49]} 24. Bf1 {[%emt 0:13:16]} Rcc8 {[%emt 0:01:22]} 25. Kg2 {[%emt 0:03:17]} Qb7 {[%emt 0:01:51]} 26. Kg1 {[%emt 0:04:21]} Qb6 {[%emt 0:02:43]} 27. Re4 {[%emt 0:07:23]} Rc5 {[%emt 0:06:53]} 28. Bg2 {[%emt 0:05:49]} Rc4 {[%emt 0:00:51]} 29. Qc2 {[%emt 0:00:38]} Qc7 {[%emt 0:01:50]} 30. Qe2 {[%emt 0:00:29]} Rxe4 {[%emt 0:04:16]} 31. Bxe4 {[%emt 0:01:59]} Qc4 {[%emt 0:01:31]} 32. Kf1 {[%emt 0:02:20]} Nd7 {[%emt 0:00:57]} 33. f3 {[%emt 0:06:00]} Nc5 {[%emt 0:03:34]} 34. Bc2 {[%emt 0:00:22]} Nd7 {[%emt 0:02:45]} 35. Kf2 {[%emt 0:04:41]} Qc5+ {[%emt 0:04:40]} 36. Kg2 {[%emt 0:00:15]} Ne5 {[%emt 0:01:11]} 37. Bb3 {[%emt 0:00:54]} Qc7 {[%emt 0:01:31]} 38. Ba2 {[%emt 0:02:08]} Nd7 {[%emt 0:02:43]} 39. Rd3 {[%emt 0:00:43]} Ne5 {[%emt 0:01:02]} 40. Re3 {[%emt 0:01:50]} Nc4 {[%emt 0:03:01]} 41. Re4 {[%emt 0:09:13]} Qb7 {[%emt 0:08:57]} 42. a4 {[%emt 0:03:34]} Ne5 {[%emt 0:05:45]} 43. f4 {[%emt 0:06:19]} Nd7 {[%emt 0:00:55]} 44. axb5 {[%emt 0:04:25]} Qxb5 {[%emt 0:07:45]} 45. Qxb5 {[%emt 0:00:11]} Rxb5 {[%emt 0:00:02]} 46. Re2 {[%emt 0:00:38]} a4 {[%emt 0:03:57]} 47. Rc2 {[%emt 0:03:48]} h5 {[%emt 0:02:41]} 48. Kf3 {[%emt 0:00:27]} Nc5 {[%emt 0:00:35]} 49. Bc4 {[%emt 0:00:28]} Rb7 {[%emt 0:01:40]} 50. Bf2 {[%emt 0:02:35]} Rc7 {[%emt 0:00:26]} 51. Bb5 {[%emt 0:00:26]} Rb7 {[%emt 0:00:32]} 52. Bc4 {[%emt 0:02:24]} Rc7 {[%emt 0:00:09]} 53. Be3 {[%emt 0:00:53]} Kf8 {[%emt 0:02:21]} 54. h3 {[%emt 0:00:16]} Bg7 {[%emt 0:00:29]} 55. g4 {[%emt 0:00:32]} hxg4+ {[%emt 0:00:02]} 56. hxg4 {[%emt 0:00:02]} Rb7 {[%emt 0:00:13]} 57. g5 {[%emt 0:00:34]} Kg8 {[%emt 0:00:11]} 58. Ke2 {[%emt 0:00:41]} Rc7 {[%emt 0:00:25]} 59. Kf3 {[%emt 0:02:14]} Rb7 {[%emt 0:00:40]} 60. Bc1 {[%emt 0:00:40]} Rc7 {[%emt 0:00:59]} 61. Bd2 {[%emt 0:00:43]} Rb7 {[%emt 0:00:23]} 62. Be3 {[%emt 0:00:18]} Rc7 {[%emt 0:00:06]} 63. Bb5 {[%emt 0:01:03]} Rb7 {[%emt 0:00:10]} 64. Bc4 {[%emt 0:00:36]} Rc7 {[%emt 0:00:07]} 1/2-1/2

[Event "Groningen Festival 2019-A"]
[Site "Groningen"]
[Date "2019.12.26"]
[Round "5.4"]
[White "Ulybin, Mikhail"]
[Black "Sargsyan, Shant"]
[Result "1-0"]
[WhiteElo "2453"]
[BlackElo "2601"]
[Annotator "ChessBase"]
[PlyCount "123"]
[EventDate "2019.12.15"]
[EventType "swiss"]
[EventCountry "NED"]
[SourceTitle "playchess.com"]
[Source "ChessBase"]
[SourceQuality "1"]
[TimeControl "40/5400+30:1800+30"]

1. d4 {[%emt 0:01:49]} Nf6 {[%emt 0:03:30]} 2. c4 {[%emt 0:00:50]} g6 {[%emt 0:00:30]} 3. Nc3 {[%emt 0:01:11]} d5 {[%emt 0:02:40]} 4. cxd5 {[%emt 0:02:07]} Nxd5 {[%emt 0:00:09]} 5. e4 {[%emt 0:01:11]} Nxc3 {[%emt 0:00:16]} 6. bxc3 {[%emt 0:00:14]} Bg7 {[%emt 0:00:19]} 7. Bg5 {[%emt 0:02:11]} c5 {[%emt 0:01:56]} 8. Rc1 {[%emt 0:01:30]} cxd4 {[%emt 0:03:04]} 9. cxd4 {[%emt 0:00:26]} O-O {[%emt 0:00:19]} 10. d5 {[%emt 0:17:19]} h6 {[%emt 0:06:35]} 11. Be3 {[%emt 0:02:29]} f5 {[%emt 0:02:15]} 12. exf5 {[%emt 0:20:07]} Bxf5 {[%emt 0:00:36]} 13. Bc4 {[%emt 0:02:48]} Kh7 {[%emt 0:07:25]} 14. g4 {[%emt 0:08:09]} Bd7 {[%emt 0:07:09]} 15. Nf3 {[%emt 0:11:06]} Bb5 {[%emt 0:09:12]} 16. O-O {[%emt 0:08:31]} Bxc4 {[%emt 0:03:46]} 17. Rxc4 {[%emt 0:00:26]} Na6 {[%emt 0:03:47]} 18. g5 {[%emt 0:10:39]} h5 {[%emt 0:03:36]} 19. Nh4 {[%emt 0:01:05]} Rc8 {[%emt 0:06:33]} 20. Nxg6 {[%emt 0:03:05]} Rxc4 {[%emt 0:09:26]} 21. Nxf8+ {[%emt 0:00:38]} Kg8 {[%emt 0:00:01]} 22. Ne6 {[%emt 0:00:28]} Qe8 {[%emt 0:01:20]} 23. Qb1 {[%emt 0:02:11]} Nb4 {[%emt 0:01:33]} 24. Rd1 {[%emt 0:00:44]} Qa4 {[%emt 0:04:44]} 25. h3 {[%emt 0:00:29]} Nc2 {[%emt 0:01:39]} 26. Rd3 {[%emt 0:00:29]} b6 {[%emt 0:05:18]} 27. Bd2 {[%emt 0:00:32]} Be5 {[%emt 0:06:18]} 28. Qb3 {[%emt 0:00:21]} Nd4 {[%emt 0:03:07]} 29. Nxd4 {[%emt 0:00:40]} Bxd4 {[%emt 0:00:10]} 30. Kg2 {[%emt 0:00:36]} Bc5 {[%emt 0:00:41]} 31. Bc3 {[%emt 0:00:32]} Bd6 {[%emt 0:02:18]} 32. Qb1 {[%emt 0:00:30]} Rf4 {[%emt 0:04:33]} 33. Re3 {[%emt 0:00:28]} Qe8 {[%emt 0:00:23]} 34. Re6 {[%emt 0:00:23]} Qf7 {[%emt 0:00:34]} 35. Qc2 {[%emt 0:00:37]} Bc5 {[%emt 0:00:50]} 36. Be1 {[%emt 0:00:31]} h4 {[%emt 0:00:37]} 37. Qe2 {[%emt 0:00:31]} Rf5 {[%emt 0:00:43]} 38. Re5 {[%emt 0:00:24]} Rf4 {[%emt 0:00:30]} 39. f3 {[%emt 0:00:33]} Bd6 {[%emt 0:00:20]} 40. Bc3 {[%emt 0:00:23]} Qg7 {[%emt 0:00:45]} 41. Rf5 {[%emt 0:13:46]} Qg6 {[%emt 0:07:25]} 42. Rxf4 {[%emt 0:02:25]} Bxf4 {[%emt 0:00:01]} 43. Qe6+ {[%emt 0:04:10]} Qxe6 {[%emt 0:00:44]} 44. dxe6 {[%emt 0:00:11]} Bxg5 {[%emt 0:01:57]} 45. Bb4 {[%emt 0:07:43]} Kf8 {[%emt 0:02:07]} 46. Kf2 {[%emt 0:01:42]} a5 {[%emt 0:14:20]} 47. Bc3 {[%emt 0:00:59]} Bf6 {[%emt 0:00:21]} 48. Bd2 {[%emt 0:00:44]} Kg7 {[%emt 0:01:57]} 49. Ke3 {[%emt 0:00:53]} Bb2 {[%emt 0:00:33]} 50. Ke4 {[%emt 0:00:48]} Kf6 {[%emt 0:00:22]} 51. Kd5 {[%emt 0:00:14]} Kf5 {[%emt 0:00:52]} 52. a4 {[%emt 0:00:56]} Be5 {[%emt 0:03:00]} 53. Be3 {[%emt 0:00:44]} b5 {[%emt 0:02:01]} 54. axb5 {[%emt 0:00:17]} a4 {[%emt 0:00:43]} 55. Bc5 {[%emt 0:00:40]} Kf6 {[%emt 0:00:50]} 56. b6 {[%emt 0:00:46]} Bb8 {[%emt 0:00:37]} 57. b7 {[%emt 0:00:23]} Bf4 {[%emt 0:00:40]} 58. Ba7 {[%emt 0:01:16]} a3 {[%emt 0:00:14]} 59. b8=Q {[%emt 0:00:14]} Bxb8 {[%emt 0:00:07]} 60. Bxb8 {[%emt 0:00:09]} a2 {[%emt 0:00:07]} 61. Be5+ {[%emt 0:00:22]} Kf5 {[%emt 0:00:09]} 62. f4 {[%emt 0:00:27]} 1-0